Patrones de los municipios de Sevilla - Estadísticas

Estadísticas generales
  • Esta prueba ha sido intentada 143 veces
  • La puntuación promedio es 30 de 105
Estadísticas de respuestas
Pueblo Patrón % Correcto
Sevilla San Fernando
64%
Aznalcóllar | Camas | Cazalla de la Sierra | +2 others San Sebastián
61%
Utrera Santo Cristo de Santiago
56%
Pruna San Antonio
55%
El Cuervo | El Rubio | La Puebla de Cazalla | +3 others San José
55%
Villanueva del Ariscal Santiago
55%
Alanís | Castilleja de Guzmán | El Castillo de las Guardas | +7 others San Juan Bautista
49%
Écija San Pablo
45%
Coria del Rio San Lucas
36%
El Saucejo San Marcos
35%
Carrión de los Céspedes San Martín
35%
Gelves San Juan Evangelista
34%
San Nicolás del Puerto San Diego
31%
Alcolea del Río | El Coronil | Valencina de la Concepción | Villamanrique de la Condesa San Roque
31%
Gines San Ginés
30%
Aguadulce | La Algaba | Mairena del Alcor | +2 others San Bartolomé Apóstol
28%
Castilblanco de los Arroyos | Gerena | Lebrija San Benito Abad
28%
Cañada Rosal | Dos Hermanas San Joaquín
28%
Alcalá de Guadaíra San Mateo Apóstol
25%
Coripe | Las Navas de la Concepción San Pedro Apóstol
25%
Arahal | Pedrera San Antonio de Padua
24%
El Madroño San Blas
24%
Sanlúcar la Mayor San Eustaquio
23%
Aznalcázar Santiago Apostol
23%
Casariche | Castilleja de la Cuesta | Gilena Santiago Apóstol
23%
Castilleja del Campo | Lora de Estepa San Miguel Arcángel
21%
Isla Mayor San Rafael Arcángel
20%
Albaida del Aljarafe | Benacazón | Brenes | +16 others San Sebastián Mártir
20%
Almensilla San Diego de Alcalá
19%
La Luisiana San Luis de Gonzaga
19%
Algámitas Dulce Nombre de Jesús
16%
El Pedroso | Lantejuela San Isidro Labrador
16%
Burguillos San Cristóbal Mártir
15%
Bollullos de la Mitación San Martín de Tours
15%
El Viso del Alcor San Pedro Nolasco
14%
Gudalcanal San Vicente Mártir
14%
Estepa San Jerónimo
11%
Paradas San Eutropio, Obispo y Mártir
10%
Villanueva del Rio y Minas San FernandoSantiago el Mayor
10%
Mairena del Aljarafe San Ildefonso
10%
Santiponce San Isidoro del Campo
10%
El Ronquillo San Salvador
10%
Bormujos Santo Domingo de Silos
10%
Constantina San Costanza
9%
Alcalá del Río San Gregorio de Oseth
9%
La Campana | Marinaleda San Nicolás de Tolentino
9%
Carmona San Teodomiro
9%
Badolatosa Cruz de San Placido
8%
Almadén de la Plata Santo Cristo de Crucero
8%
Tocina San AmianoSan Oceano San Juliano San Teodoro
6%
Osuna San Arcadio Apóstol
6%
Peñaflor Santo Cristo de las Eras
4%
No se encontraron pruebas coincidentes
Distribución de puntuación
Porcentaje de gente con cada puntuación
Porcentaje por número respondido
Historial de tus puntuaciones
No has intentado esta prueba.